Linking research policy and action: a look at the work of special rapporteur on violence against women /
Uloženo v:
| Hlavní autor: | |
|---|---|
| Další autoři: | |
| Médium: | Text |
| Tagy: |
Přidat tag
Žádné tagy, Buďte první, kdo vytvoří štítek k tomuto záznamu!
|
MARC
| LEADER | 00000 a a2200000 04500 | ||
|---|---|---|---|
| 001 | 45300 | ||
| 003 | |||
| 040 | |||
| 100 | |a Ertürk, Yakin | ||
| 245 | |a Linking research policy and action: |b a look at the work of special rapporteur on violence against women / |c Yakin Ertürk and Bandana Purkayastha | ||
| 500 | |a erturk@metu.edu.tr | ||
| 700 | |a Purkayastha, Bandana | ||
| 773 | |g volumen60, número2 (2012), páginas 142-160 | ||
| 999 | |c 21538 |d 21538 | ||
